| 000 | 00645nam a2200205 i 4500 | ||
|---|---|---|---|
| 001 | 50475 | ||
| 003 | ES-MaACL | ||
| 007 | t| | ||
| 008 | 030804s1982 sp ||||1| spa d | ||
| 100 | 1 |
_aCzihak, G. _942330 |
|
| 245 | 1 | 0 |
_aBiología / _cG. Czihak, H. Lauger, H. Ziegler ; versión de C. von Carstenn, F. J. Nieto ; revisión de K. Miralles. |
| 250 | _a[1ª ed.]. | ||
| 260 |
_a[Madrid] : _bAlhambra, _c[1982] |
||
| 300 |
_aXXIII, 896 p. : _bil. ; _c25 cm. |
||
| 700 | 1 |
_aLauger, H. _970594 |
|
| 700 | 1 |
_aZiegler, H. _9118234 |
|
| 700 | 1 |
_aCarstenn, C. von. _935862 |
|
| 700 | 1 |
_aMiralles, K. _981487 |
|
| 852 |
_aES-MaACL _jL-3274 _bR.104234 |
||
| 999 |
_c50475 _d50475 |
||